000 00324nam a2200145Ia 4500
100 _aDutt/J
650 _aElectrical Engineering
942 _cBK
654 _aElectrical
245 _aPolytechnic Electrical Technology
260 _bShasikant Prakashan
_aBombay
082 _a621.3
300 _a391
546 _aENGLISH
999 _c22726
_d22726